000 00385nam a2200133 a 4500
005 20140414093826.0
008 090511s19uu xx 00 eng d
050 _aCDB 004
_bTEC-vp 2008
245 _aTechFactors Inc. making learning a great experience :
_bVideo production.
650 _aVideo production.
650 _aInformation technology.
942 _cAVM
999 _c108439
_d108439